| 000 | 01234nam a2200373 a 4500 | ||
|---|---|---|---|
| 003 | AR-BaBNM | ||
| 005 | 20251128203953.0 | ||
| 008 | 082120s2002 ||||||||||||||000 | spa|| | ||
| 020 | _a950-9732-94-X | ||
| 040 | _cAR-BaBNM | ||
| 245 | 0 | 0 |
_aAtención _bmaestros trabajando : experiencias participativas en la escuela |
| 260 |
_aBuenos Aires _bCoquena Grupo Editor _c1989 |
||
| 300 |
_a125 p. _bil. |
||
| 490 | 0 | _aLibros del Quirquincho | |
| 500 | _aColaboradores: Francisco Cabrera, Alejandro Liska, Marta Marucco, Silvia Paz, Virginia Piera y Aída Rotbart | ||
| 500 | _aContiene referencias bibliográficas | ||
| 650 | 4 | _aFORMACION PROFESIONAL | |
| 650 | 4 | _aFORMACION DE DOCENTES | |
| 650 | 4 | _aROL DEL DOCENTE | |
| 650 | 4 | _aCOMPORTAMIENTO DEL DOCENTE | |
| 650 | 4 | _aEXPERIENCIA PEDAGOGICA | |
| 650 | 4 | _aMETODOS DE ENSEÑANZA | |
| 650 | 4 | _aTECNICAS DE ENSEÑANZA | |
| 650 | 4 | _aPROCESO DE APRENDIZAJE | |
| 650 | 4 | _aACTIVIDADES DE APRENDIZAJE | |
| 650 | 4 | _aACTIVIDADES EN GRUPO | |
| 650 | 4 | _aRELACION FAMILIA-ESCUELA | |
| 650 | 4 | _aPARTICIPACION | |
| 653 | _aEXPERIENCIAS EDUCATIVAS | ||
| 700 | 1 |
_aGolzman, Guillermo _ecoordinador |
|
| 700 | 1 |
_aLópez, Daniel _ecoordinador |
|
| 942 | _cBK | ||
| 998 | _cGrace | ||
| 999 |
_c5654 _d5654 |
||